| 000 | 00431nam a2200181Ia 4500 | ||
|---|---|---|---|
| 001 | 20917 | ||
| 005 | 20260306172841.0 | ||
| 008 | 260306t2016||||xx |||||||||||||| ||spa|| | ||
| 041 | _aESP | ||
| 082 |
_a343.8 _bT36 |
||
| 100 |
_aAsociación Ius Et Veritas _eAUT |
||
| 245 | 0 | _aTemas de derecho tributario | |
| 260 | _c2016 | ||
| 300 |
_a391 pƔginas : _c24 cm. |
||
| 650 | _aGEN | ||
| 654 | _aCCO | ||
| 942 |
_cLIB _dJUS _fJUS _2ddc _n |
||
| 999 |
_c20917 _d20917 |
||